Menschen machen Wirtschaft Betribliche Partnerschaft als Erfolgsfaktor

Na minha lista:
Detalhes bibliográficos
Autor principal: Lezius, Hans Michael
Outros Autores: Beyer, Heinrich
Formato: Livro
Idioma:alemão
Publicado em: Wiesbaden Gabler 1989
Edição:1. Aufl.
Assuntos:
Tags: Adicionar Tag
Sem tags, seja o primeiro a adicionar uma tag!

MARC

LEADER 00000nam a2200000 4500
001 c000078
005 20221215125413.9
020 |a 3-409-19654-4 
041 0 |a ger 
044 |a DE 
245 1 0 |a Menschen machen Wirtschaft  |b Betribliche Partnerschaft als Erfolgsfaktor  |c Hans Michael Lezius, Heinrich Beyer 
250 |a 1. Aufl. 
264 1 |a Wiesbaden  |b Gabler  |c 1989 
300 |a 359 s. 
610 2 0 |a účasť na riadení 
610 2 0 |a vzťahy medziľudské 
610 2 0 |a riadenie podnikové 
610 2 0 |a Nemecko 
610 2 0 |a iniciatíva pracovná 
610 2 0 |a štruktúra organizačná 
610 2 0 |a podnik 
610 2 0 |a kapitál 
610 2 0 |a vzťahy pracovné 
610 2 0 |a podnik malý 
610 2 0 |a podnik stredný 
610 2 0 |a prostredie životné 
610 2 0 |a ekológia 
610 2 0 |a taylorizmus 
610 2 0 |a modely riadenia 
610 2 0 |a politika personálna 
610 2 0 |a demokracia podniková 
100 1 |a Lezius, Hans Michael 
700 1 |a Beyer, Heinrich